Central Library OPAC University of Rajshahi

Mathematical programming methods / (Record no. 7969)

MARC details
000 -LEADER
fixed length control field 00835pam a2200265 i 4500
001 - CONTROL NUMBER
control field 7969
003 - CONTROL NUMBER IDENTIFIER
rucl marc code BD-RjUL
005 - DATE AND TIME OF LATEST TRANSACTION
control field 20211208234514.0
008 - FIXED-LENGTH DATA ELEMENTS--GENERAL INFORMATION
fixed length control field 140116s1976 ne b 001 0 eng d
020 ## - INTERNATIONAL STANDARD BOOK NUMBER
International Standard Book Number 0444110690 (American Elsevier)
035 ## - SYSTEM CONTROL NUMBER
System control number (BD-RjUL)8013
040 ## - CATALOGING SOURCE
Original cataloging agency DLC
Transcribing agency DLC
Modifying agency (BD-RjUL)
Language of cataloging eng
041 ## - LANGUAGE CODE
Language code of text/sound track or separate title eng
082 00 - DEWEY DECIMAL CLASSIFICATION NUMBER
Classification number 519.7
Author mark and year ZOM
100 1# - MAIN ENTRY--PERSONAL NAME
Personal name Zoutendijk, G.
9 (RLIN) 24867
245 10 - TITLE STATEMENT
Title Mathematical programming methods /
Statement of responsibility, etc. G. Zoutendijk.
260 ## - PUBLICATION, DISTRIBUTION, ETC. (IMPRINT)
Place of publication, distribution, etc. Amsterdam :
Name of publisher, distributor, etc. North Holland Pub. Co. ;
Place of publication, distribution, etc. New York :
Name of publisher, distributor, etc. sole distributors for the U.S.A. and Canada, American Elsevier Pub. Co.,
Date of publication, distribution, etc. 1976.
300 ## - PHYSICAL DESCRIPTION
Pagination xiv, 500 p. ;
Size 23 cm.
500 ## - GENERAL NOTE
General note Includes index.
504 ## - BIBLIOGRAPHY, ETC. NOTE
Bibliography, etc Bibliography: p. [481]-496.
650 #0 - SUBJECT ADDED ENTRY--TOPICAL TERM
Topical term or geographic name as entry element Programming (Mathematics)
9 (RLIN) 24868
942 ## - ADDED ENTRY ELEMENTS (KOHA)
Source of classification or shelving scheme Dewey Decimal Classification
Koha item type Books
Holdings
Lost status Source of classification or shelving scheme Damaged status Not for loan Collection code Permanent Location Current Location Shelving location Date acquired Source of acquisition Total Checkouts Full call number Date last seen Copy number Koha item type
  Dewey Decimal Classification     Non-fiction Central Library, University of Rajshahi Central Library, University of Rajshahi   03/10/1980 Nederland gift   519.7 ZOM 1976 16/01/2014 C-2 Books